| 000 | 00461nam a2200169Ia 4500 | ||
|---|---|---|---|
| 008 | 230917s9999||||xx |||||||||||||| ||und|| | ||
| 020 | _cGBP75 | ||
| 040 |
_e229110 _aMAIN |
||
| 041 | _aEnglish | ||
| 082 | _a338.4791 B659T | ||
| 100 | _aBotterill, David, ed. | ||
| 245 | 0 | _aTourism and crime: Key themes | |
| 260 |
_aOxford _bGoodfellow Publishers _c2010 |
||
| 300 | _avii, 240 p. | ||
| 500 | _a2166 09/11/2015 PBA15/466 10/11/2015 IHTM (SFS) | ||
| 942 | _cBK | ||
| 999 |
_c16501 _d16501 |
||